000 00661nam a2200265 a 4500
003 AR-BaBNM
005 20251128205702.0
008 082120s2002 ||||||||||||||000 | spa||
040 _cAR-BaBNM
100 1 _aKipling, Rudyard
245 0 0 _aMás allá del límite
260 _aBuenos Aires
_bGalerna
_c1978
300 _a117 p.
490 0 _aAves del arca
_vv. 8
650 4 _aCUENTOS
650 4 _aLITERATURA INGLESA
650 4 _aLITERATURA EXTRANJERA
650 4 _aLITERATURA CONTEMPORANEA
650 4 _aESCRITORES
653 _aNARRATIVA
655 _aLITERATURA
700 1 _aMasnou, Jaime
_eprologuista
942 _cBK
998 _cMARTIN
999 _c12397
_d12397